|
|
|
|
| LEADER |
00910nab#a2200325#ar4500 |
| 001 |
000021621 |
| 003 |
SVKKK |
| 005 |
00000000000000.0 |
| 008 |
c xo e sloo |
| FMT |
|
|
|
| 038 |
|
|
|a SVKKK
|
| 040 |
|
|
|a SVKKK
|b slo
|e AACR2
|
| 041 |
0 |
|
|a slo
|
| 044 |
|
|
|a xo
|c SK
|
| 080 |
|
|
|a 32
|2 1981
|
| 245 |
0 |
0 |
|a Predstavitelia vlády SR v Košiciach =
|b O šerale andal o uprunu rajipen Kašate maškar o Roma
|
| 246 |
3 |
1 |
|a ^sO šerale andal o uprunu rajipen Kašate maškar o Roma
|
| 600 |
1 |
4 |
|a Kampuš, Ján,
|d ?,
|x politik rómsky
|
| 650 |
0 |
4 |
|a príspevky diskusné
|x texty
|
| 650 |
0 |
4 |
|a strany politické, rómske
|z Košice
|
| 650 |
0 |
4 |
|a stretnutia
|
| 650 |
0 |
4 |
|a vláda SR
|
| 773 |
0 |
|
|t Romano ľil nevo
|g Roč. 4, č. 107(53) - 109(55)(1994), s. 2 a 3
|
| 957 |
|
|
|a Košice
|
| 958 |
|
|
|a SV
|
| 974 |
|
|
|d 940425
|a KKá
|
| 992 |
|
|
|a RBX
|
| BAS |
|
|
|
| 852 |
|
|
|a SVKKK
|b BIB
|
| 998 |
|
|
|a ROM
|